000 00930nam a22002057a 4500
005 20120118171222.0
020 _a9788124307490
_c100.00
082 0 0 _a954
_221
100 1 _aKhandpur, Swarn.
_939530
245 1 2 _aA vision of India :
_cwritten by Swarn Khandpur ; illustrated by Pradeep Sathe.
_bRajasthan /
260 _aMumbai:
_bNavneet Publications (India),
_cc1997
300 _a56p.
_bcol. ill. ;
_c29 cm.
490 _aA vision of India
_939531
505 1 _abk. 1. The country -- bk. 2. Gujarat, Daman & Diu, Dadra & Nagar Haveli / visualiser & illustrator Prabhakar Wairkar
700 1 _aSathe, Pradeep.
_939514
700 1 _aWairkar, Prabhakar.
_939515
942 _2ddc
_cEN
_h954
_mKHA
999 _c61133
_d61133